| 000 | 01291nam a22001937a 4500 | ||
|---|---|---|---|
| 999 |
_c59461 _d59461 |
||
| 003 | Ge_BSU | ||
| 005 | 20230224114628.0 | ||
| 008 | 230224s2006 ge ||||| |||| 00| 0 geo d | ||
| 041 | _ageo | ||
| 080 | _a336.22(479.22) გ-14 | ||
| 245 |
_aგადასახადები და საგადასახადო სისტემა : გზამკვლევი : _b[მომზადებულია საქართველოს ნორმატიული აქტების საფუძველზე 2006 წლის 1 ივნისის მდგომარეობით] / _cსაქ. ახალგაზრდა ეკონომისტთა ასოციაცია. |
||
| 264 |
_a[თბილისი], _c2006. |
||
| 300 |
_a224 გვ. : _bსქ., ცხრ. ; _c20 სმ. |
||
| 501 | _aდანართები: გვ. 183-223. ტერმინები: გვ. 177-182. | ||
| 653 | _aგადასახადები საქართველოში | ||
| 653 | _aსაგადასახადო სისტემა საქართველოში | ||
| 710 |
_aსაქ. ახალგაზრდა ეკონომისტთა ასოციაცია. _917024 |
||
| 942 |
_2udc _cBK |
||